00321nam a2200121Ia 4500008004100000041000800041082001500049100002000064245004400084260004000128300002400168365000700192240624s9999 xx 000 0 und d aeng a332.64 BRA aBRADDOCK JOHN C aDERIVATIVES DEMYSTIFED USING STRUCTURED c1997aNew YorkbJohn Wiley and Sons a306 : p. : cm. ; 24 cRS